A treatise on differential equations
Saved in:
| Main Author: | |
|---|---|
| Format: | Book |
| Language: | English |
| Published: |
New York :
Chelsea Pub.,
[1959?]
|
| Edition: | 5th ed. |
| Subjects: | |
| Tags: |
Add Tag
No Tags, Be the first to tag this record!
|
MARC
| LEADER | 00000cam a2200000 i 4500 | ||
|---|---|---|---|
| 001 | 1/99193 | ||
| 008 | 081211s1959 eng d | ||
| 035 | |l 10102369 | ||
| 040 | |a GR-MY-UA |b gre |e aacr | ||
| 041 | 0 | |a eng | |
| 082 | 0 | |a 515.35 |2 (22) | |
| 100 | 1 | |a Boole, George, |d 1815-1864. | |
| 245 | 1 | 2 | |a A treatise on differential equations / |c by George Boole |
| 250 | |a 5th ed. | ||
| 260 | |a New York : |b Chelsea Pub., |c [1959?] | ||
| 300 | |a xxiv, 735 σ.; |b διαγρ.; |c 22 εκ. | ||
| 500 | |a This 5th edition of Boole's differential equations consists of the 4th edition with the 'supplementary volume' appended and paged consecutively with it | ||
| 650 | 0 | 0 | |a Differential equations. |
| 852 | |a INST |b SAMOS |c MAG |e 20081211 |h 515.35 BOO |p 005300029537 |q 005300029537 |t BK |y 0 | ||
| 901 | |a BIBL3-2008-3 | ||
| 909 | |a Σ |b 155436 | ||
| 970 | |a ΣΙΤΖΙΜΗ |b ΓΙΑΣΕΜΗ |z 2008/12/11 | ||